|
|
|
|
| LEADER |
01875nam a2200505 4500 |
| 001 |
ocn793103522 |
| 003 |
OCoLC |
| 005 |
20170124070411.9 |
| 006 |
m o d |
| 007 |
cr cn||||||||| |
| 008 |
120504s2011 gw ob 001 0 ger d |
| 040 |
|
|
|a DG1
|b eng
|e pn
|c DG1
|d OCLCQ
|d OCLCF
|d E7B
|d OCLCA
|d DEBBG
|d YDXCP
|d OCLCQ
|d COO
|d OCLCO
|d OCLCQ
|d GrThAP
|
| 020 |
|
|
|a 9783527636327
|q (electronic bk.)
|
| 020 |
|
|
|a 3527636323
|q (electronic bk.)
|
| 020 |
|
|
|a 9783527329731
|
| 020 |
|
|
|a 3527329730
|
| 020 |
|
|
|a 9783527636341
|q (e-book)
|
| 020 |
|
|
|a 352763634X
|q (e-book)
|
| 029 |
1 |
|
|a AU@
|b 000049904158
|
| 029 |
1 |
|
|a DEBBG
|b BV041391088
|
| 029 |
1 |
|
|a GBVCP
|b 723714312
|
| 029 |
1 |
|
|a NZ1
|b 15915569
|
| 029 |
1 |
|
|a GBVCP
|b 863145973
|
| 035 |
|
|
|a (OCoLC)793103522
|
| 037 |
|
|
|a 10.1002/9783527636327
|b Wiley InterScience
|n http://www3.interscience.wiley.com
|
| 050 |
|
4 |
|a QP514.2
|b .S39 2011
|
| 082 |
0 |
4 |
|a 572
|2 23
|
| 049 |
|
|
|a MAIN
|
| 100 |
1 |
|
|a Schwedt, Georg,
|d 1943-
|
| 245 |
1 |
4 |
|a Die Chemie des Lebens /
|c Georg Schwedt.
|
| 264 |
|
1 |
|a Berlin :
|b Wiley-VCH,
|c 2011.
|
| 300 |
|
|
|a 1 online resource.
|
| 336 |
|
|
|a text
|b txt
|2 rdacontent
|
| 337 |
|
|
|a computer
|b c
|2 rdamedia
|
| 338 |
|
|
|a online resource
|b cr
|2 rdacarrier
|
| 490 |
1 |
|
|a Erlebnis Wissenschaft
|
| 505 |
0 |
|
|a Einführung: Nichts geht ohne Chemie : auch das Leben nicht! -- Die chemischen Werke der Pflanze -- Lebensmittel für Mensch und Tier -- Wie alles sich zum Ganzen Webt ... -- Literatur -- Personenverzeichnis -- Sachverzeichnis.
|
| 504 |
|
|
|a Includes bibliographical references and index.
|
| 650 |
|
0 |
|a Biochemistry.
|
| 650 |
|
7 |
|a Biochemistry.
|2 fast
|0 (OCoLC)fst00831961
|
| 655 |
|
4 |
|a Electronic books.
|
| 710 |
2 |
|
|a Wiley InterScience (Online service)
|
| 830 |
|
0 |
|a Erlebnis Wissenschaft.
|
| 856 |
4 |
0 |
|u https://doi.org/10.1002/9783527636327
|z Full Text via HEAL-Link
|
| 994 |
|
|
|a 92
|b DG1
|